| 000 | 00435nam a22001577a 4500 | ||
|---|---|---|---|
| 005 | 20251108164241.0 | ||
| 008 | 250721s9999 xx 000 0 ara d | ||
| 082 | 1 | 4 | _a920/بلا |
| 100 | 1 | _aالسحار، عبد الحميد جودة | |
| 245 | 1 | 0 | _aبلال مؤذن الرسول / |
| 264 | 1 |
_aالقاهرة : _bمكتبة مصر، _c[19-]. |
|
| 300 | _a126 ص | ||
| 650 | 1 | 7 | _aالتراجم |
| 942 |
_2ddc _cBK |
||
| 999 |
_c7452 _d7452 |
||